日韓ドリームプレーヤーズゲーム2025 出場選手 応援歌 - Statistics

General Stats
  • This quiz has been taken 29 times
  • The average score is 26 of 41
Answer Stats
応援歌 選手名 % Correct
ラーララ⋯〇〇! ラーララ⋯Let's Go! スピードスター!〇〇!〇〇! 西岡剛
96%
託された願い乗せて 振り構えたその腕で 頂へと繋がる 架け橋を創れ  強烈な 速い打球を 飛ばしたれ 腕力で 叩き込め 糸井嘉男
87%
燃える青はさやけく 湧きのぼる意気果てなし 今だ〇〇一筋の光 夜明けを告げる 中田翔
83%
小笠原村には海がある 小笠原村にはイルカがいる小笠原村には夢がある 毎日サバイバル  立ち上がれ〇〇 この世のために  島国が生んだ 和製大砲 小笠原道大
83%
守りの要 夢見たこの場所で チームを背負い 更なる高み目指せ 大野奨太
78%
天翔けるこの一打 放物線全てをのせて 〇〇〇〇!さあ轟かせ その名をこの世界に 中田翔
78%
波間に熱く光る ダイヤモンドの主役 勝利へ走れ 〇〇 Go Go 内川聖一
78%
ゲームを創れ 煌くナイスリードで 今日も期待してます 〇〇〇〇ファイトだ 谷繁元信
74%
狙い球は豪速球 打てば飛ぶ飛ぶ 銀河の果てに ミスターレオ〇〇 松井稼頭央
74%
輝く栄冠 突き進めこの道  鋭いまなざし 猛虎の魂 力の限り 戦え〇〇 糸井嘉男
74%
ベースを盗む奴を 絶対許さぬ 正義の強肩唸らせて 〇〇退治しろ 谷繁元信
74%
東北の大空に 新たな歴史描け 燦然といつまでも 輝き続けろ 松井稼頭央
74%
沸き立つスタンドの 期待に応えて燃えてやれ 振りぬくその腕に 闘志を注ぎ込め 松田宣浩
74%
鍛えた心と技を 糧にして 輝け〇〇〇〇の 野球道 相川亮二
70%
右に左に捌け コースを絞って 狙い澄まし 〇〇打て 内川聖一
70%
飛び立とう高く 絆共にして 明日を照らす道広げ 放て君よ今 小笠原道大
70%
球道極めた その技で 〇〇よ導け 日本一  どんな打球でも 逸らさない 〇〇のショートは 日本一 宮本慎也
70%
強肩強打の凄い奴 ゲームを創れ 勝利を呼び込め 〇〇〇〇ハマの指令塔 谷繁元信
70%
勝負決める一振り 血と汗の勲章 その手で夢掴め さぁ翔け〇〇 中田翔
70%
かざす掌 新たな未来へ 今描いた道を 熱い志に 今江敏晃
65%
強肩武器に 強気で攻めろ 息吹け 〇〇〇〇 大野奨太
65%
更なる未来 目指して突き進め 頂点狙え 〇〇〇〇 今江敏晃
65%
今見せろ お前の底力を 突き進め 勝利を掴み取れ 稲葉篤紀
65%
唸るスイング 切り裂くアーチ ほえろ〇〇 勝負を決めろ 福留孝介
65%
今この瞬間に 輝き放て 男〇〇力強く 突き進め前へ 糸井嘉男
61%
新たな時代を 切り拓け  嵐を呼べ 輝く男 気迫の一打 打て〇〇 西岡剛
61%
勝負に懸ける 男花咲かせろ 華麗に打ち捌く球は 空へ消える 内川聖一
61%
幾千と光る 栄光の軌跡 再びこの地で いざ舞い上がれ 福留孝介
61%
オオオ⋯攻めろ さぁ そのリードで オオオオ オー魅せろ その眼差し さあ〇〇〇〇 勝利へ導け 戦え経験武器に 谷繁元信
57%
熱く熱く強く 雄叫びともに燃えろ燃えろ〇〇 掴めその手で 松田宣浩
57%
勝利の女神が 惚れたベイスターズ 打てよかっ飛ばせ ハマの空へ 相川亮二
57%
鉄の左腕が 唸りを上げる 任せたぞこの勝負 今こそ決めろ 能見篤史
52%
闘志をこめた そのフルスイング 一振りで放てよ 誰より強く  小笠原道大
52%
百戦錬磨のキャリア ホームを守れ 戦照らす光 放て〇〇 相川亮二
52%
今燃え上がれ 新たな未来へ この一打に懸けろ 〇〇〇〇 今江年晶
52%
熱き体の 血潮燃やし 男だ〇〇 一球入魂 上原浩治
52%
マウンドの上で 受ける声 歓声を背にして 抑えろよ 攝津正
48%
大志を抱く男 内に秘める魂を今このグランドに いざ解き放て 相川亮二
48%
狙いすまして 鋭く打ち返せ 〇〇〇〇 頼りになる男 稲葉篤紀
43%
大きな志 胸に抱き 決めろ意のままに 見せつけろ〇〇 岩隈久志
30%
気持ちでは負けないぞ 熱い想い 〇〇の投げるボール 打てはしない 森福允彦
30%
No matching quizzes found
Score Distribution
Percent of People with Each Score
Percentile by Number Answered
Your Score History
You have not taken this quiz